MARC

LEADER 00000nam0a2200000 4500
001 96562
005 20231031110611.0
035 |a (RuTPU)RU\TPU\book\103391 
090 |a 96562 
100 |a 20060516d1971 m y0rusy50 ca 
101 0 |a rus 
102 |a RU 
105 |a a z 001zy 
200 1 |a Применение эжекторов на гидроэлектростанциях  |f М. Ф. Губин, Ю. Н. Горностаев, К. А. Любицкий 
210 |a Москва  |c Энергия  |d 1971 
215 |a 87 с.  |c ил. 
225 1 |a Библиотека гидротехника и гидроэнергетика  |e вып. 24 
320 |a Библиография в конце книги. 
610 1 |a водоснабжение 
610 1 |a гидравлический расчет 
610 1 |a эжекторы 
610 1 |a применение 
610 1 |a электростанции 
610 1 |a гидроэлектростанции 
610 1 |a эффективность 
675 |a 621.311.21  |v 3 
700 1 |a Губин  |b М. Ф.  |g Максимилиан Федорович 
701 1 |a Горностаев  |b Ю. Н.  |g Юрий Николаевич 
701 1 |a Любицкий  |b К. А.  |g Константин Александрович 
801 1 |a RU  |b 63413507  |c 20060516  |g PSBO 
801 2 |a RU  |b 63413507  |c 20061004  |g PSBO 
942 |c BK